| 000 | 00526nam a2200181 a 4500 | ||
|---|---|---|---|
| 005 | 20140310183343.0 | ||
| 008 | 061211s19uu xx 00 eng d | ||
| 020 | _a0823006182 | ||
| 050 |
_aNK 2195 _b.C419 1999 |
||
| 100 | _aCerver, Francisco Asensio | ||
| 245 |
_aCharming hotels : _bcity, country, sea / _cFrancisco Asensio Cerver. |
||
| 260 |
_aSpain : _bCayfosa Industria Grafica, _c1999. |
||
| 300 |
_a169 p. : _bill. col. ; _c27 cm. |
||
| 521 | _aTOU | ||
| 650 | _aHotels. | ||
| 942 |
_cBK _2lcc _kFOR |
||
| 999 |
_c21878 _d21878 |
||